<?xml version="1.0" encoding="UTF-8"?>
<record
    xmlns:xsi="http://www.w3.org/2001/XMLSchema-instance"
    xsi:schemaLocation="http://www.loc.gov/MARC21/slim http://www.loc.gov/standards/marcxml/schema/MARC21slim.xsd"
    xmlns="http://www.loc.gov/MARC21/slim">

  <leader>02223aab a2200205 i 4500</leader>
  <controlfield tag="001">768714001</controlfield>
  <controlfield tag="003">CO-MdFUSB</controlfield>
  <controlfield tag="005">20250304104643.0</controlfield>
  <controlfield tag="008">170812s1988    cr ||||| |||| 00| 0 spa d</controlfield>
  <datafield tag="040" ind1=" " ind2=" ">
    <subfield code="a">CO-MdFUSB</subfield>
    <subfield code="b">spa</subfield>
    <subfield code="c">CO-MdFUSB</subfield>
    <subfield code="d">CO-MdFUSB</subfield>
  </datafield>
  <datafield tag="041" ind1=" " ind2=" ">
    <subfield code="a">spa</subfield>
  </datafield>
  <datafield tag="100" ind1="1" ind2=" ">
    <subfield code="a">Simpson, Charles</subfield>
    <subfield code="e">autor</subfield>
  </datafield>
  <datafield tag="245" ind1="1" ind2="0">
    <subfield code="a">Llaves para la conquista</subfield>
    <subfield code="c">/ Charles Simpson</subfield>
  </datafield>
  <datafield tag="300" ind1=" " ind2=" ">
    <subfield code="a">Volumen 1. N&#xFA;mero 4 (1988),  p&#xE1;ginas 72-75</subfield>
    <subfield code="c">: 28 cm.</subfield>
  </datafield>
  <datafield tag="520" ind1=" " ind2=" ">
    <subfield code="a">El texto reflexiona sobre c&#xF3;mo Dios nos ha provisto todo lo necesario para cumplir con Su voluntad y tener &#xE9;xito en nuestras vidas, destacando que el &#xE9;xito se define como cumplir con la voluntad de Dios. El autor menciona que aunque Dios quiere que tengamos &#xE9;xito, la oposici&#xF3;n es parte del proceso, ya que nos ayuda a humillarnos, buscar la rectitud, fortalecer nuestro car&#xE1;cter y probar la verdad de la Palabra de Dios.
Se describen cinco "llaves" para alcanzar el &#xE9;xito: 
1. **La naturaleza divina**: Al recibir las promesas de Dios, obtenemos m&#xE1;s de Su naturaleza, lo que nos permite vivir de acuerdo con Su voluntad y enfrentarnos a los desaf&#xED;os con Su poder.
2. La unci&#xF3;n del Esp&#xED;ritu Santo: El Esp&#xED;ritu Santo nos capacita y nos da poder para enfrentar las adversidades y cumplir con el prop&#xF3;sito de Dios en nuestras vidas.
3. La Palabra de Dios: Es fundamental estudiar y aplicar la Palabra de Dios en nuestras vidas, ya que nos gu&#xED;a, fortalece y nos ayuda a vencer los obst&#xE1;culos.
4. El nombre de Jes&#xFA;s: El uso del nombre de Jes&#xFA;s en fe y obediencia nos otorga autoridad sobre el enemigo y nos permite acceder a Su poder para vencer las dificultades.
5. La sangre de Jes&#xFA;s: La sangre de Cristo nos limpia, nos redime y nos reconcilia con Dios, siendo esencial para nuestra salvaci&#xF3;n y victoria sobre el pecado y las fuerzas del mal.
El autor concluye que Dios nos ha dado todos estos recursos para que podamos triunfar, y que debemos utilizarlos para enfrentar la oposici&#xF3;n espiritual y las dificultades de este mundo, glorificando a Dios con nuestras vidas.</subfield>
  </datafield>
  <datafield tag="653" ind1=" " ind2=" ">
    <subfield code="a">Conquista Cristiana</subfield>
  </datafield>
  <datafield tag="773" ind1="0" ind2=" ">
    <subfield code="t">Conquista Cristiana</subfield>
    <subfield code="0">49446</subfield>
    <subfield code="9">60348</subfield>
    <subfield code="g">Volumen 1. N&#xFA;mero 4 (1988),  p&#xE1;ginas 72-75</subfield>
    <subfield code="q">P&#xE1;gina 72</subfield>
  </datafield>
  <datafield tag="942" ind1=" " ind2=" ">
    <subfield code="c">ANA</subfield>
  </datafield>
  <datafield tag="945" ind1=" " ind2=" ">
    <subfield code="a">JTF-925</subfield>
  </datafield>
  <datafield tag="999" ind1=" " ind2=" ">
    <subfield code="c">50367</subfield>
    <subfield code="d">50367</subfield>
  </datafield>
</record>
